[Event "Porto Sant Elpidio op 20th"]
[Site "Porto Sant Elpidio"]
[Date "2017.11.25"]
[Round "2.7"]
[White "Bastarelli, Giuseppe"]
[Black "Pocognoli, Gianfranco"]
[Result "1-0"]
[WhiteElo "2180"]
[BlackElo "1726"]
[PlyCount "83"]
[EventDate "2017.11.24"]
[EventType "swiss"]
[EventRounds "5"]
[EventCountry "ITA"]
[SourceTitle "EXT 2024"]
[Source "ChessBase"]
[SourceDate "2023.10.10"]
[SourceVersion "1"]
[SourceVersionDate "2023.10.10"]
[SourceQuality "1"]

1. d4 d5 2. c4 c6 3. Nf3 e6 4. e3 f5 5. Nc3 Nf6 6. Qc2 Nbd7 7. h3 a6 8. c5 Qe7 9. Be2 g6 10. b4 Bg7 11. Nd2 e5 12. Nb3 e4 13. Bd2 Nf8 14. 0-0-0 Be6 15. f4 Qc7 16. Na4 N8d7 17. Kb1 h5 18. g3 Ke7 19. Rc1 Qd8 20. Nc3 Ne8 21. Rhg1 Nc7 22. g4 hxg4 23. hxg4 Nb5 24. Nxb5 axb5 25. gxf5 Bxf5 26. Na5 Qc7 27. Rg2 Nf6 28. Rcg1 Rh7 29. a4 bxa4 30. Qxa4 Kd7 31. Kc2 Rah8 32. b5 Rh1 33. bxc6+ bxc6 34. Nxc6 Ke6 35. Ba5 Qc8 36. Rxh1 Rxh1 37. Nd8+ Ke7 38. c6 Ne8 39. Qb4+ Kf6 40. Qc5 Qb8 41. Nb7 Nc7 42. Qd6+ 1-0

[Event "Porto Sant Elpidio op 20th"]
[Site "Porto Sant Elpidio"]
[Date "2017.11.25"]
[Round "3.4"]
[White "Medorini, Massimiliano"]
[Black "Bastarelli, Giuseppe"]
[Result "0-1"]
[WhiteElo "1973"]
[BlackElo "2180"]
[PlyCount "62"]
[EventDate "2017.11.24"]
[EventType "swiss"]
[EventRounds "5"]
[EventCountry "ITA"]
[SourceTitle "EXT 2024"]
[Source "ChessBase"]
[SourceDate "2023.10.10"]
[SourceVersion "1"]
[SourceVersionDate "2023.10.10"]
[SourceQuality "1"]

1. b3 Nf6 2. Bb2 d5 3. e3 c5 4. Nf3 e6 5. Ne5 Be7 6. f4 0-0 7. Bd3 Ne4 8. 0-0 f5 9. Nc3 Nd7 10. Nxd7 Bxd7 11. Bxe4 dxe4 12. Kh1 Bf6 13. g4 g6 14. g5 Bg7 15. Qe2 Bc6 16. Rad1 b5 17. Ba1 Qd7 18. a3 Rfd8 19. Kg1 b4 20. axb4 cxb4 21. Na2 Bb5 22. d3 exd3 23. Qf2 Bxa1 24. Rxa1 d2 25. Rfd1 a5 26. c3 Qd6 27. Rab1 Rd7 28. Rb2 Rad8 29. cxb4 axb4 30. h4 Qd3 31. Kh2 Qe2 0-1

[Event "Porto Sant Elpidio op 20th"]
[Site "Porto Sant Elpidio"]
[Date "2017.11.24"]
[Round "1.4"]
[White "Vannicola, Roberto"]
[Black "Bastarelli, Giuseppe"]
[Result "1/2-1/2"]
[WhiteElo "1563"]
[BlackElo "2180"]
[PlyCount "124"]
[EventDate "2017.11.24"]
[EventType "swiss"]
[EventRounds "5"]
[EventCountry "ITA"]
[SourceTitle "EXT 2024"]
[Source "ChessBase"]
[SourceDate "2023.10.10"]
[SourceVersion "1"]
[SourceVersionDate "2023.10.10"]
[SourceQuality "1"]

1. c4 e6 2. Nc3 d5 3. cxd5 exd5 4. d4 Nf6 5. Bg5 Be7 6. Bxf6 Bxf6 7. e3 c6 8. Be2 Qb6 9. Qd2 Bf5 10. Nf3 Nd7 11. 0-0 0-0 12. Rfc1 a5 13. Ne1 a4 14. a3 Qa5 15. Bd3 Bg6 16. Bxg6 hxg6 17. Rc2 Nb6 18. Nb1 Nc4 19. Qxa5 Rxa5 20. Nd2 b5 21. Nd3 Re8 22. Nxc4 bxc4 23. Nb4 Re6 24. Na2 Be7 25. Nc3 f5 26. Ne2 Bd6 27. g3 g5 28. Rc3 Rb5 29. Rc2 Kf7 30. Kg2 Rb8 31. h3 Rh6 32. Nc3 Rbh8 33. Rh1 g4 34. h4 Rh5 35. Nxa4 g5 36. Rcc1 gxh4 37. Rxh4 Rxh4 38. gxh4 Rxh4 39. Rh1 Rxh1 40. Kxh1 f4 41. Nc3 Ke6 42. Kg2 Kf5 43. a4 Bb4 44. Kf1 Kg5 45. Ne2 f3 46. Nf4 Kf5 47. Nh5 Ke4 48. Nf4 g3 49. fxg3 Kxe3 50. Ne6 c5 51. dxc5 d4 52. Nxd4 Bxc5 53. Nb5 Kd3 54. g4 Ke4 55. a5 Kf4 56. a6 Kxg4 57. a7 Bxa7 58. Nxa7 Kf4 59. Kf2 Ke4 60. Nb5 Kd3 61. Na3 c3 62. bxc3 Kxc3 1/2-1/2

[Event "Porto Sant Elpidio op-A 9th"]
[Site "Porto Sant Elpidio"]
[Date "2006.11.26"]
[Round "5"]
[White "Bastarelli, Giuseppe"]
[Black "Rinaudo, Andrea"]
[Result "1-0"]
[WhiteElo "2200"]
[BlackElo "2122"]
[PlyCount "61"]
[EventDate "2006.11.18"]
[EventType "swiss"]
[EventRounds "6"]
[EventCountry "ITA"]
[SourceTitle "EXT 2011"]
[Source "ChessBase"]
[SourceDate "2010.11.26"]
[SourceVersion "1"]
[SourceVersionDate "2010.11.26"]
[SourceQuality "1"]

1. Nf3 Nf6 2. d4 d5 3. c4 e6 4. Nc3 Nbd7 5. Bg5 Be7 6. e3 0-0 7. Rc1 a6 8. a3 dxc4 9. Bxc4 b5 10. Bd3 c5 11. 0-0 Bb7 12. Qe2 c4 13. Bb1 h6 14. Bh4 Nd5 15. Bxe7 Qxe7 16. e4 Nxc3 17. Rxc3 Rfd8 18. Kh1 Nb6 19. Rd1 a5 20. Ne5 Rd6 21. Rf3 Rf8 22. Qd2 Qd8 23. Rg3 Kh8 24. Ng4 Qg5 25. f4 Qd8 26. e5 Rd7 27. f5 Qg5 28. Qf2 exf5 29. Nf6 Qxg3 30. hxg3 gxf6 31. Qxf5 1-0

[Event "Porto Sant Elpidio op-A 9th"]
[Site "Porto Sant Elpidio"]
[Date "2006.11.26"]
[Round "6"]
[White "Ferri, Stefano"]
[Black "Bastarelli, Giuseppe"]
[Result "0-1"]
[WhiteElo "2131"]
[BlackElo "2200"]
[PlyCount "72"]
[EventDate "2006.11.18"]
[EventType "swiss"]
[EventRounds "6"]
[EventCountry "ITA"]
[SourceTitle "EXT 2011"]
[Source "ChessBase"]
[SourceDate "2010.11.26"]
[SourceVersion "1"]
[SourceVersionDate "2010.11.26"]
[SourceQuality "1"]

1. d4 e6 2. Nf3 Nf6 3. c4 d5 4. Nc3 Be7 5. Bg5 Nbd7 6. e3 0-0 7. Rc1 c6 8. Qc2 a6 9. a3 dxc4 10. Bxc4 b5 11. Ba2 c5 12. 0-0 Bb7 13. dxc5 Nxc5 14. Rfd1 Qe8 15. b4 Ncd7 16. e4 Rc8 17. Qe2 Nb6 18. Ne5 Nfd7 19. Bxe7 Qxe7 20. Nxd7 Nxd7 21. Qe3 Ne5 22. f3 Rfd8 23. Ne2 h6 24. Nd4 Rxc1 25. Rxc1 Qd6 26. Nb3 Nc4 27. Qc3 Bc8 28. Nc5 Qd4+ 29. Kf1 Qxc3 30. Rxc3 Rd1+ 31. Kf2 Rd2+ 32. Kg3 Rxa2 33. a4 Kf8 34. axb5 axb5 35. Rd3 Ke7 36. Rd1 Rxg2+ 0-1

[Event "Porto Sant Elpidio op-A 9th"]
[Site "Porto Sant Elpidio"]
[Date "2006.11.18"]
[Round "1"]
[White "Bastarelli, Giuseppe"]
[Black "Parrini, Daniele"]
[Result "0-1"]
[WhiteElo "2200"]
[BlackElo "1938"]
[PlyCount "112"]
[EventDate "2006.11.18"]
[EventType "swiss"]
[EventRounds "6"]
[EventCountry "ITA"]
[SourceTitle "EXT 2011"]
[Source "ChessBase"]
[SourceDate "2010.11.26"]
[SourceVersion "1"]
[SourceVersionDate "2010.11.26"]
[SourceQuality "1"]

1. d4 Nf6 2. Nf3 g6 3. c4 Bg7 4. Nc3 d5 5. Bf4 0-0 6. e3 c5 7. dxc5 Qa5 8. cxd5 Nxd5 9. Be5 Nxc3 10. Qd2 Bxe5 11. Nxe5 Qxc5 12. Qxc3 Qxc3+ 13. bxc3 Be6 14. Be2 f6 15. Nf3 Rc8 16. Kd2 Nc6 17. Nd4 Bd5 18. Bf3 Bxf3 19. Nxf3 e5 20. e4 Na5 21. Kc2 Kf7 22. Rhd1 Rd8 23. Ne1 Nc4 24. Nd3 a5 25. a4 Rac8 26. Kb3 g5 27. Ne1 Nd2+ 28. Kc2 Nxe4 29. Rxd8 Rxd8 30. Nd3 Rc8 31. Ra3 Ke6 32. Rb3 Nd6 33. Nc1 Rc4 34. Ra3 Ne4 35. Kd3 Kd5 36. f3 Nc5+ 37. Kc2 Rxa4 38. Rxa4 Nxa4 39. Nb3 b6 40. Nd2 Nc5 41. Nf1 b5 42. Ne3+ Ke6 43. g4 Nb7 44. c4 b4 45. Nd5 Nc5 46. Nc7+ Kf7 47. Nd5 e4 48. fxe4 Nxe4 49. Kd3 Nf2+ 50. Kd4 Nxg4 51. c5 Ne5 52. Nc7 a4 53. Nd5 Nc6+ 54. Kc4 a3 55. Ne3 a2 56. Nc2 Nd4 0-1

[Event "Porto Sant Elpidio op 8th"]
[Site "Porto Sant Elpidio"]
[Date "2005.11.19"]
[Round "1"]
[White "Perogio, Lorenzo"]
[Black "Bastarelli, Giuseppe"]
[Result "0-1"]
[WhiteElo "1886"]
[BlackElo "2104"]
[PlyCount "80"]
[EventDate "2005.11.19"]
[EventType "swiss"]
[EventRounds "5"]
[EventCountry "ITA"]
[SourceTitle "EXT 2007"]
[Source "ChessBase"]
[SourceDate "2006.11.23"]
[SourceVersion "1"]
[SourceVersionDate "2006.11.23"]
[SourceQuality "1"]

1. e4 c5 2. Nc3 Nc6 3. g3 g6 4. Bg2 Bg7 5. d3 e6 6. Be3 d6 7. Nge2 Nd4 8. Qd2 Rb8 9. 0-0 Ne7 10. f4 0-0 11. g4 f5 12. gxf5 gxf5 13. Ng3 b5 14. a3 a5 15. Kh1 b4 16. axb4 axb4 17. Nd1 Bd7 18. Bg1 Qc7 19. Ne3 Bc6 20. Ra6 Ra8 21. Rxa8 Rxa8 22. c3 bxc3 23. bxc3 Nb5 24. exf5 Bxc3 25. Qc2 exf5 26. Ngxf5 Nxf5 27. Nxf5 Kh8 28. d4 Rg8 29. d5 Bd7 30. Nh6 Rg7 31. f5 Qd8 32. Be3 Qh4 33. h3 Be5 34. Qd2 Nc3 35. Bg5 Qg3 36. Ng4 Nxd5 37. Bxd5 Qxh3+ 38. Nh2 Rxg5 39. Rg1 Rh5 40. Rg2 Bxh2 0-1

[Event "Porto Sant Elpidio op 7th"]
[Site "Porto Sant Elpidio"]
[Date "2004.11.21"]
[Round "5"]
[White "Bastarelli, Giuseppe"]
[Black "Ljubisavljevic, Zivojin Z"]
[Result "0-1"]
[WhiteElo "2089"]
[BlackElo "2273"]
[PlyCount "72"]
[EventDate "2004.11.13"]
[EventType "swiss"]
[EventRounds "6"]
[EventCountry "ITA"]
[SourceTitle "EXT 2009"]
[Source "ChessBase"]
[SourceDate "2008.11.26"]
[SourceVersion "1"]
[SourceVersionDate "2008.11.26"]
[SourceQuality "1"]

1. Nf3 g6 2. d4 Bg7 3. c4 c5 4. d5 b5 5. cxb5 a6 6. b6 Qxb6 7. Nc3 d6 8. e4 Bg4 9. Be2 Bxf3 10. Bxf3 Nd7 11. 0-0 Ngf6 12. a4 0-0 13. a5 Qc7 14. Be2 Rfb8 15. f4 Rb4 16. Ra4 Rab8 17. Bc4 Rxa4 18. Qxa4 Rb4 19. Qa2 Ng4 20. h3 Bd4+ 21. Kh1 Nf2+ 22. Kh2 Nf6 23. Re1 Qc8 24. Bd2 N2g4+ 25. Kg3 Bf2+ 26. Kf3 Bxe1 27. Bxe1 g5 28. g3 gxf4 29. gxf4 Ne5+ 30. fxe5 Qxh3+ 31. Ke2 Qg2+ 32. Kd1 Ng4 33. Be2 Ne3+ 34. Kc1 Qg1 35. Kd2 Rd4+ 36. Bd3 c4 0-1

[Event "Porto Sant Elpidio op 7th"]
[Site "Porto Sant Elpidio"]
[Date "2004.11.21"]
[Round "6"]
[White "Giobbi, Costantino"]
[Black "Bastarelli, Giuseppe"]
[Result "0-1"]
[WhiteElo "1831"]
[BlackElo "2089"]
[PlyCount "70"]
[EventDate "2004.11.13"]
[EventType "swiss"]
[EventRounds "6"]
[EventCountry "ITA"]
[SourceTitle "EXT 2009"]
[Source "ChessBase"]
[SourceDate "2008.11.26"]
[SourceVersion "1"]
[SourceVersionDate "2008.11.26"]
[SourceQuality "1"]

1. d4 e6 2. Nc3 Nf6 3. Bg5 Be7 4. e3 d5 5. Nf3 c5 6. Ne5 Nc6 7. Bb5 Bd7 8. Nxd7 Nxd7 9. Bxe7 Qxe7 10. dxc5 Qxc5 11. Bxc6 Qxc6 12. Qd4 Nf6 13. 0-0 0-0 14. Rfd1 b5 15. Rac1 Rfe8 16. Qh4 a5 17. Ne2 e5 18. c3 Rab8 19. a3 Qc4 20. Qxc4 bxc4 21. Rc2 Rb5 22. h3 Reb8 23. f4 exf4 24. Nxf4 g5 25. Ne2 Rxb2 26. Rxb2 Rxb2 27. Nd4 Ne4 28. Rf1 Nxc3 29. Rf5 h6 30. Nc6 Rb5 31. Kh2 Kg7 32. Kg3 Ne4+ 33. Kg4 c3 34. Nd4 Rb2 35. Rxd5 Nf6+ 0-1

[Event "Porto Sant Elpidio op 4th"]
[Site "Porto Sant Elpidio"]
[Date "2001.11.04"]
[Round "6"]
[White "Bastarelli, Giuseppe"]
[Black "Di Donatantonio, Franco"]
[Result "0-1"]
[WhiteElo "1914"]
[BlackElo "1789"]
[PlyCount "62"]
[EventDate "2001.11.01"]
[EventType "swiss"]
[EventRounds "6"]
[EventCountry "ITA"]
[SourceTitle "EXT 2024"]
[Source "ChessBase"]
[SourceDate "2023.10.10"]
[SourceVersion "1"]
[SourceVersionDate "2023.10.10"]
[SourceQuality "1"]

1. e4 c5 2. Nf3 e6 3. d4 cxd4 4. Nxd4 Nc6 5. Nc3 Qc7 6. Nxc6 bxc6 7. Bd3 Nf6 8. Qe2 d6 9. 0-0 Be7 10. b3 0-0 11. f4 Nd7 12. Na4 Bf6 13. Nb2 Nc5 14. c4 Nxd3 15. Qxd3 Bb7 16. Rb1 c5 17. Be3 Qc6 18. Qd2 Qxe4 19. Rbe1 Qg6 20. Rf2 Bh4 21. g3 Bf6 22. f5 exf5 23. Qxd6 Rfd8 24. Qf4 Bxb2 25. Rxb2 Qc6 26. Kf1 Qh1+ 27. Bg1 Rd4 28. Qxf5 Rd6 29. Rf2 Rf6 30. Qxc5 Rd8 31. Re7 Qxg1+ 0-1

[Event "Porto Sant Elpidio op 4th"]
[Site "Porto Sant Elpidio"]
[Date "2001.11.03"]
[Round "5"]
[White "Graziani, Claudio"]
[Black "Bastarelli, Giuseppe"]
[Result "1-0"]
[WhiteElo "1855"]
[BlackElo "1914"]
[PlyCount "107"]
[EventDate "2001.11.01"]
[EventType "swiss"]
[EventRounds "6"]
[EventCountry "ITA"]
[SourceTitle "EXT 2024"]
[Source "ChessBase"]
[SourceDate "2023.10.10"]
[SourceVersion "1"]
[SourceVersionDate "2023.10.10"]
[SourceQuality "1"]

1. e4 e6 2. d4 d5 3. Nc3 Nf6 4. e5 Nfd7 5. Nf3 c5 6. Bb5 a6 7. Bxd7+ Nxd7 8. Be3 b6 9. 0-0 Be7 10. Ne2 0-0 11. c3 b5 12. Qd2 a5 13. Nf4 Ba6 14. Rfc1 Qc7 15. Nh5 f5 16. Bg5 Qd8 17. h4 Rc8 18. Nf4 Rc6 19. a3 c4 20. g3 Qe8 21. Kg2 Qf7 22. Rh1 Rb8 23. h5 Nf8 24. Bxe7 Qxe7 25. Nh4 Kf7 26. Qe2 b4 27. axb4 axb4 28. g4 Qg5 29. Kg3 bxc3 30. bxc3 Rb3 31. Rhc1 fxg4 32. Qxg4 Qxg4+ 33. Kxg4 Bb7 34. Rc2 Ra6 35. Rxa6 Bxa6 36. h6 gxh6 37. Kh5 Kg7 38. f3 Bb5 39. Rg2+ Kf7 40. Kxh6 Rxc3 41. Rg7+ Ke8 42. Nh5 Ng6 43. Nf6+ Kd8 44. Nxg6 hxg6 45. Kxg6 Rxf3 46. Kf7 c3 47. Kxe6 Kc8 48. Nxd5 Be8 49. Rc7+ Kd8 50. Kd6 Bf7 51. Nb6 Be6 52. d5 Rf7 53. Rxc3 Rb7 54. Rc6 1-0

[Event "Porto Sant Elpidio op 4th"]
[Site "Porto Sant Elpidio"]
[Date "2001.11.02"]
[Round "2"]
[White "Bastarelli, Giuseppe"]
[Black "Rinaudo, Claudio"]
[Result "1-0"]
[WhiteElo "1914"]
[BlackElo "1696"]
[PlyCount "89"]
[EventDate "2001.11.01"]
[EventType "swiss"]
[EventRounds "6"]
[EventCountry "ITA"]
[SourceTitle "EXT 2024"]
[Source "ChessBase"]
[SourceDate "2023.10.10"]
[SourceVersion "1"]
[SourceVersionDate "2023.10.10"]
[SourceQuality "1"]

1. e4 c6 2. d4 d5 3. Nc3 dxe4 4. Nxe4 Nd7 5. Ng5 Ngf6 6. Bc4 e6 7. Qe2 Nb6 8. Bb3 Bd7 9. N1f3 h6 10. Ne4 Nxe4 11. Qxe4 Qc7 12. Ne5 Nd5 13. Bd2 a5 14. a4 Qd6 15. Rd1 Be7 16. c4 Nf6 17. Qe2 b6 18. Bc3 Qc7 19. d5 cxd5 20. cxd5 exd5 21. Nxd7 Nxd7 22. Bxg7 Rg8 23. Bxd5 Rc8 24. Bc3 Kf8 25. 0-0 Nf6 26. Bf3 Re8 27. Rfe1 Bd6 28. Qb5 Bxh2+ 29. Kf1 Rxe1+ 30. Rxe1 Nd7 31. Qe2 Qd8 32. g3 Nc5 33. Kg2 Nd3 34. Rd1 Bxg3 35. Qxd3 Bh2+ 36. Kf1 Rg1+ 37. Ke2 Qe8+ 38. Qe3 Qxe3+ 39. Kxe3 Rg6 40. Rd7 Re6+ 41. Kd3 Ke8 42. Rb7 Bg1 43. Bd4 Rd6 44. Kc4 Rd8 45. Bd5 1-0

[Event "Porto Sant Elpidio op 4th"]
[Site "Porto Sant Elpidio"]
[Date "2001.11.02"]
[Round "3"]
[White "Rinaudo, Andrea"]
[Black "Bastarelli, Giuseppe"]
[Result "0-1"]
[WhiteElo "1822"]
[BlackElo "1914"]
[PlyCount "72"]
[EventDate "2001.11.01"]
[EventType "swiss"]
[EventRounds "6"]
[EventCountry "ITA"]
[SourceTitle "EXT 2024"]
[Source "ChessBase"]
[SourceDate "2023.10.10"]
[SourceVersion "1"]
[SourceVersionDate "2023.10.10"]
[SourceQuality "1"]

1. e4 c5 2. Nf3 Nc6 3. d4 cxd4 4. Nxd4 Nf6 5. Nc3 e5 6. Ndb5 d6 7. Bg5 a6 8. Na3 b5 9. Bxf6 gxf6 10. Nd5 Bg7 11. Be2 f5 12. exf5 Bxf5 13. c3 0-0 14. 0-0 Be6 15. Nc2 f5 16. a4 bxa4 17. Rxa4 a5 18. Qd2 Kh8 19. Bb5 Ne7 20. Nxe7 Qxe7 21. Rfa1 d5 22. Rxa5 Rxa5 23. Rxa5 f4 24. Bc6 Qc7 25. Rc5 Rd8 26. Qe2 Bf8 27. Bxd5 Bxc5 28. Bxe6 Qd6 29. Bg4 Re8 30. Bf3 e4 31. b4 Ba7 32. c4 Qe5 33. Bg4 h5 34. Bd7 Rg8 35. Kf1 Rxg2 36. Bc6 Rxf2+ 0-1